| 000 | 00595nam a2200181Ia 4500 | ||
|---|---|---|---|
| 008 | 160319s9999 xx 000 0 und d | ||
| 245 | _aWar of the Century: When Hitler Fought Stalin: | ||
| 245 | _bHigh Hopes Spiral of Terror / | ||
| 260 | _bDolby Digital | ||
| 260 | _c2004 | ||
| 300 | _a1 videodisc (ca. 190 min.) : sd., b&w and col. ; 4 3/4 in. | ||
| 300 | _bsound, color & black &white ; | ||
| 300 | _c4 3/4 in. | ||
| 650 | _aHitler, Adolf, -- 1889-1945. | ||
| 650 | _aStalin, Joseph, -- 1878-1953. | ||
| 650 | _aWorld War, 1939-1945 -- | ||
| 650 | _xCampaigns -- Eastern Front. | ||
| 999 |
_c292466 _d292466 |
||